000 01004nam a2200253Ia 4500
005 20250622124037.0
008 250617s9999||||xx |||||||||||||| ||ara||
017 _a22296
_bمصر. دار الكتب
020 _a9789778812633
082 0 4 _a"302,234"
_bو ف
100 0 _aولاء فتحى إبراهيم
245 1 0 _aفيديوهات الألعاب الإلكترونية وتأثيرها على سلوكيات المراهقين /
_cولاء فتحى إبراهيم
250 _aط1
260 3 _aالقاهرة :
_b"دار العلا للنشر والتوزيع,"
_c2025.
300 _a208ص :
_bصور ؛
_c24سم.
650 _aالأفلام
650 _aالألعاب الإلكترونية
_x تأثير
650 _aالتسجيلات الصوتية
650 _aالتعليم
_x الوسائل السمعية والبصرية
650 _aالفيديو
_x تأثير
650 _aالمراهقون
_x علم نفس
942 _cBK
999 _c67675
_d67675